| 000 | 00452cam a22001457a 4500 | ||
|---|---|---|---|
| 008 | 180718b1970 xxu||||| |||| 00| 0 eng d | ||
| 082 | _aLx54 T737 | ||
| 100 | _aTripathy, Ram Niranjan | ||
| 245 |
_aFiscal policy and economics developement in India _cby Ram Niranjan Tripathy |
||
| 260 |
_aCalcutta _bWorld Press _c1970 |
||
| 300 | _axiv, 475p | ||
| 650 | _aIndia -Economic policy. | ||
| 650 | _aFinance, Public -India | ||
| 650 | _aFiscal policy -India | ||
| 999 |
_c409820 _d409820 |
||